000 00396nam a2200145Ia 4500
008 230917s9999||||xx |||||||||||||| ||und||
040 _e172720
_aMAIN
041 _aEnglish
082 _a891.432741 VH995M
100 _aव्यथित ह्रदय
245 0 _aमहाप्रभु
260 _aदिल्ली
_bआर्य बुक
_c1981
300 _a124 p.
942 _cHN
999 _c223626
_d223626